| Tag |
First Indicator |
Second Indicator |
Subfields |
| LEADER |
00000cam a2200000 a 4500 |
| 001 |
in00000004390 |
| 005 |
20151007051151.0 |
| 007 |
he bmb024bbca |
| 008 |
990527s1998 lauab bb f000 0 eng d |
| 035 |
|
|
|a (OCoLC)41439533
|
| 035 |
|
|
|9 AJH0008AM
|
| 040 |
|
|
|a GPO
|c GPO
|d DLC
|d MvI
|d UtOrBLW
|
| 043 |
|
|
|a nm-----
|a n-us-tx
|
| 049 |
|
|
|a UMIC
|
| 074 |
|
|
|a 0671-F (MF)
|
| 086 |
0 |
|
|a I 72.12/3:98-0010
|
| 245 |
0 |
4 |
|a The Flower Garden Banks (northwest Gulf of Mexico) :
|b environmental characteristics and human interaction /
|c editor Kenneth J.P. Deslarzes.
|
| 246 |
3 |
0 |
|a Flower Garden Banks
|
| 264 |
|
1 |
|a New Orleans :
|b U.S. Dept. of the Interior, Minerals Management Service, Gulf of Mexico OCS Region,
|c [1998]
|
| 300 |
|
|
|a xiii, 100 pages :
|b illustrations, maps ;
|c 28 cm.
|
| 336 |
|
|
|a text
|b txt
|2 rdacontent
|
| 337 |
|
|
|a microform
|b h
|2 rdamedia
|
| 338 |
|
|
|a microfiche
|b he
|2 rdacarrier
|
| 490 |
1 |
|
|a OCS report
|
| 500 |
|
|
|a "October 1998."
|
| 500 |
|
|
|a Shipping list number: 99-0494-M.
|
| 504 |
|
|
|a Includes bibliographical references (pages 69-81).
|
| 500 |
|
|
|a "MMS 98-0010."
|
| 533 |
|
|
|a Microfiche.
|b [Washington, D.C.] :
|c Supt. of Docs., U.S. G.P.O.,
|d 1999
|e 2 microfiches : negative.
|
| 500 |
|
|
|a Microform.
|
| 650 |
|
0 |
|a Coral reefs and islands
|z Mexico, Gulf of.
|
| 651 |
|
0 |
|a Flower Garden Banks National Marine Sanctuary (Tex.)
|
| 700 |
1 |
|
|a Deslarzes, Kenneth J. P.
|
| 710 |
1 |
|
|a United States.
|b Minerals Management Service.
|b Gulf of Mexico OCS Region.
|
| 830 |
|
0 |
|a OCS report.
|
| 999 |
|
|
|a MARS
|
| 999 |
f |
f |
|s 1593dec3-7a94-3db4-bb03-8e841202e73b
|i ae6cbd9c-e484-39ed-8745-cd60b588958b
|t 0
|
| 952 |
f |
f |
|p normal
|a Texas A&M University
|b College Station
|c Sterling C. Evans Library
|d Evans: US Documents (Annex 5th floor)
|t 0
|e I 72.12/3:98-0010
|h Superintendent of Documents classification
|i microform -- microfiche
|m A14832519846
|
| 952 |
f |
f |
|p normal
|a Texas A&M University
|b College Station
|c Sterling C. Evans Library
|d Evans: US Documents Microfiche (3rd floor)
|t 0
|e I 72.12/3:98-0010
|h Superintendent of Documents classification
|i microform -- microfiche
|m A14824493824
|
| 998 |
f |
f |
|a I 72.12/3:98-0010
|t 0
|l Evans: US Documents (Annex 5th floor)
|
| 998 |
f |
f |
|a I 72.12/3:98-0010
|t 0
|l Evans: US Documents Microfiche (3rd floor)
|